Les 5 Plus Grandes Îles de Méditerranée en 15 SECONDES - Statistiques

Statistiques générales
  • Ce quiz a été pris 116 fois
  • Le résultat moyen est 4 sur 5
Statistiques - réponses
Îles % Correct
Corse
90%
Sicile
80%
Sardaigne
76%
Chypre
74%
Crète
50%
Aucun quiz correspondant
Distribution des résultats
% des personnes avec chaque résultat
Percentile par nombre de réponses
Votre historique - résultats
Vous n’avez pas pris ce quiz